1142 1497 1142 1224 1047 1573 1168 1151 1899 1866 1326 1624 1189 1102 1005 1758 1912 1185 1109 1052 1480 1410 1275 1126 1169 1420 1289 1712 1489 1267 1390 1642 1279 1355 1236 1545 1032 1364 1517 1481 1482 1181 1945 1249 1707 1928 1542 1398 1396 1209 1159 1348 1709 1500 1203 1912 1883 1457 1986 1260 1223 1789 1758 1586 1940 1787 1549 1291 1848 1484 1773 1737 1488 1482 1901 1165 1931 1890 1141 1842 1270 1180 1764 1077 1263 1663 1956 1691 1593 1917 1915 1617 1037 1533 1982 1260 1003 1071 1912 BCNSPRNW ULIB Ver.6.0+V

เปลี่ยนเป็นภาษาไทย

Change to English
 แสดงรายละเอียดบรรณานุกรม
  กลับหน้าหลัก

Brief Record : Get Marc (ISO 2709) : E-mail record : QR code < ปิดหน้าต่าง
LEADER : 00000nam 2200000uu 4500
001    13399124109
003     ULIB
008    150118s2556||||th 000 0 tha d
020    ^a9786167546216
060  4 ^aWB327^bส719ร
100 0  ^aสิทธา ลิขิตนุกูล
245 00 ^aรู้ทันโรคไม่ป่วย/ ^cโดย สิทธา ลิขิตนุกูล
260    ^aสมุทรปราการ : ^bมายเบสส์บุ๊คส์,^c2556
300    ^a216 หน้า : ^bภาพประกอบ ; ^c21ซม
650  0 ^aรู้ทันโรคไม่ป่วย^xโรค-การป้องกันและควบคุม
945    ^p169^l0^i038366
945    ^p169^l0^i038367
945    ^p169^l0^i038368
945    ^p169^l0^i038369
945    ^p169^l0^i038370
999    ^aกมลทิพย์ ธนสารสุธี
รายการนี้ยังไม่มีแท็ก
คุณยังไม่ได้ล็อกอิน คุณสามารถมีกิจกรรมร่วมกับเว็บไซต์ได้ แต่ต้องล็อกอินก่อน ::
  ล็อกอิน

รายการสื่อสารสนเทศ

ลำดับที่ ประเภท เลขเรียก/บาร์โค้ด สถานที่ สถานะ
1. วิทยาศาสตร์การแพทย์ และสุขภาพ
หนังสือสำรอง
สถานะ=หนังสือสำรอง
WB327 ส719ร ฉ.1 
  Barcode: 038366
ห้องสมุดวิทยาเขตสวรรค์ประชารักษ์
►ส่วนจัดเก็บหนังสือเก่า สปร
บนชั้น
  ขอยืม
2. วิทยาศาสตร์การแพทย์ และสุขภาพ
วิทยาศาสตร์การแพทย์ และสุขภาพ
WB327 ส719ร ฉ.2 
  Barcode: 038367
ห้องสมุดวิทยาเขตสวรรค์ประชารักษ์
►ส่วนจัดเก็บหนังสือเก่า สปร
บนชั้น
  ขอยืม
3. วิทยาศาสตร์การแพทย์ และสุขภาพ
วิทยาศาสตร์การแพทย์ และสุขภาพ
WB327 ส719ร ฉ.3 
  Barcode: 038368
ห้องสมุดวิทยาเขตสวรรค์ประชารักษ์
►ส่วนจัดเก็บหนังสือเก่า สปร
บนชั้น
  ขอยืม
4. วิทยาศาสตร์การแพทย์ และสุขภาพ
วิทยาศาสตร์การแพทย์ และสุขภาพ
WB327 ส719ร ฉ.4 
  Barcode: 038369
ห้องสมุดวิทยาเขตสวรรค์ประชารักษ์
►ส่วนจัดเก็บหนังสือเก่า สปร
บนชั้น
  ขอยืม
5. วิทยาศาสตร์การแพทย์ และสุขภาพ
วิทยาศาสตร์การแพทย์ และสุขภาพ
WB327 ส719ร ฉ.5 
  Barcode: 038370
ห้องสมุดวิทยาเขตสวรรค์ประชารักษ์
►ส่วนจัดเก็บหนังสือเก่า สปร
บนชั้น
  ขอยืม

รายการใกล้เคียง
    ผู้แต่ง [สิทธา ลิขิตนุกูล]

BibComment


ยังไม่เคยถูกคอมเมนท์

คอมเมนท์ทรัพยากรรายการนี้
  คอมเมนท์: รู้ทันโรคไม่ป่วย..


 Copyright 2026. Bcnsprnw @Library